[Štúr, Ľudovít]

Zobrazenie: Podobizeň kodifikátora spisovnej slovenčiny, politika, básnika, publicistu, jazykovedca, novinára, redaktora a pedagóga Ľudovíta Štúra (29.10.1815 Uhrovec - 12.1.1856 Modra). Reprodukcia výtvarného diela.

Bibliographic Details
Format: Photo
Language:Slovak
PhysicalDescription:1 fotografia čb 19 x 12 cm
Published: [S.l. s.n. s.a.]
Subjects:

MARC

LEADER 00000nkmaa2200000 a 4500
001 vtls011543217
003 SK-MaSNL
005 20260301135021.0
007 kh bo
008 230802n xo | |||0 k|slo
035 |a urn:nbn:sk:snk-km00cptu 
035 |a urn:nbn:sk:snk-km3lr5a 
035 |a C443258F-D6FF-48C5-9107-4DDA3171EEB8 
040 |a SNKLA  |b slo  |c SNKLA  |e AACR2 
041 0 |a slo 
044 |a xo  |c SK 
245 0 0 |a [Štúr, Ľudovít]  |h grafika 
260 |a [S.l.  |b s.n.  |c s.a.] 
300 |a 1 fotografia  |b čb  |c 19 x 12 cm 
520 2 |a Zobrazenie: Podobizeň kodifikátora spisovnej slovenčiny, politika, básnika, publicistu, jazykovedca, novinára, redaktora a pedagóga Ľudovíta Štúra (29.10.1815 Uhrovec - 12.1.1856 Modra). Reprodukcia výtvarného diela. 
600 1 7 |a Štúr, Ľudovít,  |d 1815-1856  |2 SNKMA  |9 92872 
655 7 |a portrétne fotografie  |2 SNKLA  |9 305796 
655 7 |a reprodukcie umeleckých diel  |2 SNKPH  |9 70730 
852 7 |a Slovenská národná knižnica  |b Literárny archív 
958 |a ZO 
958 |a BLA 
999 |c 758817  |d 760747 
952 |a SNKLA  |b SNKLA  |c SNKLA_DEP  |y NEVYP  |7 0  |p 17A1008018  |o snkK 19/247  |i snkLA 11108/1977  |0 0  |1 0  |4 0  |d 2016-04-04  |f 1  |l 0  |r 2026-02-23 23:56:51  |w 2026-02-23